| 000 | | | 03821nmc2a22000003x 450 |
| 001 | | | ed077e6d-76da-4b20-98bc-7514c1595504 |
| 005 | | | 20200207102830.0 |
| 100 | ## | $a | 20180604l18741874k l0rusy0189 ca |
| 101 | 0# | $a | rus |
| 102 | ## | $a | RU |
| 200 | 1# | $a | Дело по ходатайству попечителя Харьковского учебного округа, чтобы о лицах, высылаемых в губернский город, под надзор полиции, каждый раз негласно сообщаемо было начальству гимназии |
| | $j | 25 марта - 4 мая 1874 г. |
| 251 | ## | $c | Дело |
| 300 | ## | $a | Дело |
| 801 | #0 | $a | RU |
| | $b | РГИА |
| | $c | 20180604 |
| | $g | RCR |
| 801 | #1 | $a | RU |
| | $b | ГлавНИВЦ |
| | $c | 20180604 |
| | $2 | rusmarc |
| 801 | #2 | $a | RU |
| | $b | ПБ им. Б.Н. Ельцина |
| | $c | 20200207 |
| | $g | RCR |
| | $2 | rusmarc |
| 850 | ## | $a | РГИА |
| 852 | ## | $a | РГИА |
| | $e | Федеральное казенное учреждение "Российский государственный исторический архив" (РГИА) |
| | $j | 112 |
| 937 | ## | $h | РГИА |
| | $d | 12229653 |
| | $a | ASBIBLIO_SCAN |
| 462 | #0 | $1 | 0014f623d04-db1c-458f-af33-83b1e1ca26e7 |
| | $1 | 2001 |
| | $a | Дела разряда средних учебных заведений Департамента народного просвещения за 1873-1882 годы |
| | $1 | 251 |
| | $c | Опись |
| | $1 | 852 |
| | $j | 164 |
| 461 | #0 | $1 | 001a74412a3-3cc5-4d21-8f0a-dfe2fbd9e72d |
| | $1 | 2001 |
| | $a | Департамент народного просвещения Министерства народного просвещения (1803-1917) |
| | $1 | 251 |
| | $c | Фонд |
| | $1 | 852 |
| | $j | 733 |
| 215 | ## | $a | 6 л. |
| | $d | 36,5х26 см |
| 371 | ## | $a | Документ не является опубликованным и широко распространяемым |
| 105 | ## | $a | y### |
| 122 | 2# | $a | d |
| 035 | ## | $a | ed077e6d-76da-4b20-98bc-7514c1595504 |
| 856 | ## | $u | http://readingroom.main.prlib.ru/item.aspx?id_node=n138774832&mode=full |